|
|
|
|
| LEADER |
00000nam0a2200000 4500 |
| 001 |
317252 |
| 005 |
20231102002945.0 |
| 020 |
|
|
|a RU
|b 82-86199
|
| 035 |
|
|
|a (RuTPU)RU\TPU\book\342720
|
| 090 |
|
|
|a 317252
|
| 100 |
|
|
|a 20160406d1982 km y0rusy5003 ca
|
| 101 |
0 |
|
|a rus
|
| 102 |
|
|
|a RU
|
| 105 |
|
|
|a a z 001zy
|
| 200 |
1 |
|
|a Получение и исследование материалов для электронной техники
|e сборник научных трудов
|f Научно-исследовательский институт технико-экономических исследований химической промышленности (НИИТЭХИМ) ; под ред. В. В. Климова
|
| 210 |
|
|
|a Москва
|c Изд-во НИИТЭхим
|d 1982
|
| 215 |
|
|
|a 178 с.
|c ил.
|
| 320 |
|
|
|a Библиогр. в конце ст.
|
| 606 |
1 |
|
|a Электронная промышленность
|2 stltpush
|3 (RuTPU)RU\TPU\subj\20362
|9 45471
|
| 610 |
1 |
|
|a электронные приборы
|
| 610 |
1 |
|
|a производство
|
| 610 |
1 |
|
|a материалы
|
| 610 |
1 |
|
|a получение
|
| 610 |
1 |
|
|a новые материалы
|
| 610 |
1 |
|
|a пьезоактивные материалы
|
| 610 |
1 |
|
|a толстопленочная технология
|
| 610 |
1 |
|
|a спекание
|
| 610 |
1 |
|
|a проводниковые пасты
|
| 610 |
1 |
|
|a электропроводящие материалы
|
| 610 |
1 |
|
|a пьезоэлектрики
|
| 610 |
1 |
|
|a сегнетоэлектрики
|
| 610 |
1 |
|
|a гистерезисные явления
|
| 675 |
|
|
|a 621.38.002.3
|z rus
|v 3
|
| 702 |
|
1 |
|a Климов
|b В. В.
|g Виталий Викторович
|4 340
|
| 712 |
0 |
2 |
|a Научно-исследовательский институт технико-экономических исследований химической промышленности (НИИТЭХИМ)
|c (Москва)
|2 stltpush
|3 (RuTPU)RU\TPU\col\10008
|
| 801 |
|
0 |
|a RU
|b RuMRKP
|c 19950704
|g psbo
|
| 801 |
|
1 |
|a RU
|b 63413507
|c 20160406
|
| 801 |
|
2 |
|a RU
|b 63413507
|c 20191203
|g RCR
|
| 942 |
|
|
|c BK
|